In Which Year? - Statistics

General Stats
  • This quiz has been taken 46 times
  • The average score is 11 of 15
Answer Stats
Hint Answer % Correct
World War II ended 1945
100%
Russia invaded Ukraine 2022
97%
England won the World Cup 1966
91%
Michael Jackson died 2009
91%
The Russian Royal family were killed 1917
82%
Prince Harry and Meghan Markle marry 2018
82%
The USA gained independence from the UK 1776
79%
The first James Bond film in the long running series was released 1962
79%
Mexico Olympics 1968
76%
Queen Victoria died 1901
74%
Take That reformed after 10 years apart 2006
62%
Eurovision Song Contest first took place 1956
59%
Northern Cyprus was invaded by Turkey 1974
56%
Donna Summer had her only UK number 1 single 1977
53%
The Human League have their first UK top 10 hit 1981
53%
No matching quizzes found
Score Distribution
Percent of People with Each Score
Percentile by Number Answered
Your Score History
You have not taken this quiz